Name Any Bordering Country - Statistics

General Stats
  • This quiz has been taken 5,800 times
  • The average score is 14 of 15
Answer Stats
Country Border(s) % Correct
Spain Andorra / France / Morocco / Portugal
99%
Myanmar Bangladesh / China / India / Laos / Thailand
98%
North Korea China / Russia / South Korea
97%
Venezuela Brazil / Colombia / Guyana
96%
Slovakia Austria / Czech Republic / Hungary / Poland / Ukraine
95%
Nigeria Benin / Cameroon / Chad / Niger
95%
Kyrgyzstan China / Kazakhstan / Tajikistan / Uzbekistan
95%
Georgia Armenia / Azerbaijan / Russia / Turkey
94%
Egypt Israel / Libya / Sudan
94%
Nicaragua Costa Rica / Honduras
93%
Eritrea Djibouti / Ethiopia / Sudan
93%
Slovenia Austria / Croatia / Hungary / Italy
92%
Somalia Djibouti / Ethiopia / Kenya
91%
Haiti Dominican Republic
90%
Malawi Mozambique / Tanzania / Zambia
84%
No matching quizzes found
Score Distribution
Percent of People with Each Score
Percentile by Number Answered
Your Score History
You have not taken this quiz